[Event "OIBM 2001"]
[Site "Bad Wiessee"]
[Date "2001.10.30"]
[Round "4"]
[White "Hakobyan, Vladimir"]
[Black "Prusikhin, Michael"]
[Result "1-0"]
[WhiteElo "2660"]
[BlackElo "2503"]
[PlyCount "85"]

1. Nf3 Nf6 2. c4 g6 3. g3 Bg7 4. Bg2 O-O 5. O-O d6 6. Nc3 Nc6 7. d4 a6 8. d5
Na5 9. Nd2 c5 10. Rb1 Rb8 11. b3 b5 12. Bb2 e5 13. Qc2 Bf5 14. e4 Bd7 15. Ne2
h5 16. Bc3 h4 17. Qd3 {Nur in einem Punkt ist die schwarze Stellung deutlich
schlechter. Der Sa5 hat sich verlaufen.} 17... b4 18. Bb2 Nb7 19. f4 {
Bevor der Sb7 zurueck im Spiel ist, reisst Weiss am Koenigsfluegel an den
Ketten.} 19... hxg3 20. hxg3 Ng4 $1 21. Bf3 ({Nach} 21. f5 {gibt} 21... Qg5 {
Schwarz gutes Gegenspiel.}) 21... exf4 22. Bxg4 Bxg4 23. Rxf4 {Optisch sie ht
es fuer Weiss vielleicht nicht so gut aus. Aber es gibt eine klare Strategie
fuer Weiss: Mit aeusserster Konsequenz den schwachen Sb7 ausnutzen. Also: Mit
Hoechstgeschwindigkeit saemtliche anderen gegnerischen Figuren abholzen.} (23.
Nxf4 $5) 23... Qg5 24. Rf2 $2 (24. Nf3) 24... Bxb2 25. Rxb2 Rbe8 26. Nf4 Qe5
27. Rc2 g5 28. Nf3 {Dank dieses Tricks bleibt die Partie voellig offen.} (28.
Ng2 f5 29. exf5 Be2 {koennte die schwarze Idee gewesen sein.}) 28... Bxf3 (
28... Qa1+ 29. Rf1 Qg7 30. Rg2 gxf4 31. gxf4 f5 32. exf5 Re7 33. Rff2 Qa1+ 34.
Rf1 Qg7 $11 {lautet ein Versuch von Fritz 6, die Stellung zu bewerten.}) 29.
Qxf3 Qxe4 (29... gxf4 30. gxf4 Qa1+ 31. Rf1 Qd4+ 32. Kh1 f6 33. Qh5 (33. Rg2+
Kf7 34. Qh5+ Ke7 35. Rg7+ Kd8 36. Qh7 Qxe4+ 37. Qxe4 Rxe4 38. Rxb7 $11 {
ist eine weitere witzige Variante.}) 33... Rf7 $19) 30. Qg4 Re5 31. Rce2 Qf5
32. Qxf5 Rxf5 33. Nh5 Rxf2 34. Kxf2 {Mit ein paar Wacklern hat Weiss sein Ziel
erreicht. Er hat unter Bauernverlust kraeftig abgeholzt. Nun hat er gute
Gewinnchancen.} 34... f5 35. Re6 Rf7 36. Kf3 a5 37. g4 fxg4+ 38. Kxg4 Rf2 39.
Re8+ Rf8 40. Re7 Rf7 41. Re2 Rf1 42. Ng3 Rf7 43. Nf5 1-0

[Event "OIBM 2001"]
[Site "Bad Wiessee"]
[Date "2001.10.30"]
[Round "4"]
[White "Mulyar, Michael"]
[Black "Gleizerov, Evgeny"]
[Result "0-1"]
[WhiteElo "2428"]
[BlackElo "2575"]
[PlyCount "84"]

1. c4 e5 2. g3 Nc6 3. Bg2 g6 4. Nc3 Bg7 5. d3 d6 6. e4 h5 7. h4 Nd4 8. Nce2 Ne6
9. Nh3 Nf6 10. Ng5 O-O 11. Bd2 c6 12. Qc2 d5 13. cxd5 cxd5 14. O-O d4 15. Rac1
Qb6 16. b4 Ng4 17. Qa4 f6 18. Nf3 Nd8 19. Rc5 Nf7 20. Nc1 Rd8 21. Nb3 Bf8 22.
Rc2 Qd6 23. Na5 Bd7 24. Qb3 Be6 25. Qa4 Bd7 26. Qb3 Qa6 27. Rc7 Be6 28. Qb1 Nd6
29. Rfc1 Rac8 30. a4 Rxc7 31. Rxc7 Rc8 32. Rxc8 Nxc8 33. Qc2 Nd6 34. Bf1 b5 35.
axb5 Nxb5 36. Nc4 Qa1 37. Na5 Nc3 38. Nc6 Ne2+ 39. Kg2 Ne3+ 40. fxe3 Bh3+ 41.
Kxh3 Qxf1+ 42. Kh2 Qf2+ 0-1

[Event "OIBM 2001"]
[Site "Bad Wiessee"]
[Date "2001.10.30"]
[Round "4"]
[White "Perelshteyn, Eugene"]
[Black "Kacheishvili, Giorgi"]
[Result "1/2-1/2"]
[WhiteElo "2432"]
[BlackElo "2583"]
[PlyCount "34"]

1. e4 c6 2. d4 d5 3. Nc3 dxe4 4. Nxe4 Bf5 5. Ng3 Bg6 6. h4 h6 7. h5 Bh7 8. Nf3
e6 9. Bd3 Bxd3 10. Qxd3 Nf6 11. Ne5 Nbd7 12. f4 Bd6 13. Bd2 Qc7 14. O-O-O Rf8
15. Ne4 O-O-O 16. Nxd6+ Qxd6 17. Kb1 Qc7 1/2-1/2

[Event "OIBM 2001"]
[Site "Bad Wiessee"]
[Date "2001.10.30"]
[Round "4"]
[White "Sax, Gyula"]
[Black "Gutman, Lev"]
[Result "1-0"]
[WhiteElo "2593"]
[BlackElo "2489"]
[PlyCount "49"]

1. e4 c5 2. Nf3 d6 3. d4 cxd4 4. Nxd4 Nf6 5. Nc3 a6 6. Be3 e5 7. Nb3 Be7 8. f3
Be6 9. Qd2 Qc7 10. O-O-O Nbd7 11. Kb1 Nc5 12. g4 h6 13. h4 O-O-O 14. Qf2 Kb8
15. Be2 {Mit Gewalt versucht Schwarz g4-g5 mit Vertreibung des Sf6 zu
verhindern. Dieses Konzept schlaegt jedoch fehl. GM Larsen sagte scherzhaft
einmal: "Lange Varianten sind immer fehlerhaft." So auch hier.} 15... g5 16.
Nxc5 dxc5 17. Rxd8+ Rxd8 18. hxg5 hxg5 19. Bxg5 Nxg4 20. Qh4 {Haette GM Gutman
bereits hier seinen Irrtum erkannt, konnte er hier die Notbremse ziehen.} 20...
f6 (20... Bxg5 21. Qxg5 Nf2 22. Rh5 $16 {
und Schwarz verliert den Bauern e5 aber noch nicht unmittelbar die Partie.} (
22. Rh2 Nh3 {nebst Sf4})) 21. Bc1 f5 22. Bg5 Bxg5 23. Qxg5 Rg8 24. Qh4 Ne3 25.
Qh6 {Wiederum erweist sich der Zug 20. ...f6 mit Entwurzelung des Le6 als
spielentscheidend.} 1-0

[Event "OIBM 2001"]
[Site "Bad Wiessee"]
[Date "2001.10.30"]
[Round "4"]
[White "Ulibin, Mikhail"]
[Black "Pezerovic, Edin"]
[Result "0-1"]
[WhiteElo "2580"]
[BlackElo "2415"]
[PlyCount "166"]

1. d4 Nf6 2. c4 e6 3. g3 Bb4+ 4. Bd2 Qe7 5. Nf3 b6 6. Bg2 Bb7 7. O-O Bxd2 8.
Qxd2 O-O 9. Nc3 Ne4 10. Nxe4 Bxe4 11. Qf4 d5 12. Rac1 Na6 13. cxd5 exd5 14. Rc6
Rad8 15. Rfc1 Rd6 16. Rxd6 cxd6 17. Qe3 Qd7 18. Qa3 Nb8 19. Qc3 Na6 20. Bf1 Re8
21. Nd2 Qa4 22. e3 Bf5 23. a3 Kf8 24. Bxa6 Qxa6 25. Qc6 Rd8 26. Qxd5 Be6 27.
Qe4 Rc8 28. Rxc8+ Qxc8 29. Qb1 d5 30. Qd1 Qa6 31. Nb1 Qb5 32. Qc2 Bh3 33. Qc1
Qe2 34. Nd2 a5 35. a4 h5 36. b3 h4 37. Qa3+ Kg8 38. Qc1 g6 39. e4 dxe4 40. Nf1
Bxf1 41. Qxf1 Qf3 42. gxh4 Qxb3 43. Qa1 b5 44. axb5 Qxb5 45. Qe1 Qd5 46. Qd1
Qh5 47. Qa4 Qxh4 48. Qe8+ Kg7 49. Qe5+ Kh7 50. Qxa5 Qg4+ 51. Kf1 Qd1+ 52. Kg2
Qxd4 53. Qg5 Kg7 54. Qf4 Qd5 55. Kg1 Qf5 56. Qg3 Kf6 57. Qc3+ Qe5 58. Qb3 Qg5+
59. Kf1 Qf4 60. Qc3+ Kg5 61. Kg2 Qg4+ 62. Kf1 Qf3 63. Qe5+ f5 64. Kg1 Qf4 65.
Qe6 Qg4+ 66. Kf1 Kh4 67. Qf6+ g5 68. Qh8+ Qh5 69. Qe5 Qd1+ 70. Kg2 Qf3+ 71. Kg1
Kg4 72. Qe6 Kh4 73. Qe5 f4 74. Qh8+ Qh5 75. Qd4 Kh3 76. Qc3+ e3 77. fxe3 Qg4+
78. Kf2 Qg2+ 79. Ke1 Qg1+ 80. Kd2 Qxe3+ 81. Qxe3+ fxe3+ 82. Kxe3 Kxh2 83. Kf3
Kh3 0-1

[Event "OIBM 2001"]
[Site "Bad Wiessee"]
[Date "2001.10.31"]
[Round "5"]
[White "Baklan, Vladimir"]
[Black "Saravanan, Venkatachalam"]
[Result "1-0"]
[WhiteElo "2590"]
[BlackElo "2393"]
[PlyCount "87"]

1. e4 c5 2. Nf3 Nc6 3. Bb5 d6 4. O-O Bd7 5. Re1 a6 6. Bf1 Bg4 7. c3 g6 8. d4
cxd4 9. cxd4 Bg7 10. d5 Nd4 11. Nc3 Nxf3+ 12. gxf3 Bd7 13. f4 Nh6 14. Be3 O-O
15. Bd4 Bxd4 16. Qxd4 f6 17. Re3 Qc7 18. Rg3 Qc5 19. Ne2 Rfc8 20. Rd1 Nf7 21.
h4 Qxd4 22. Nxd4 Kh8 23. Bd3 Rc7 24. Kf1 Rac8 25. Ke1 Rc1 26. Be2 Ba4 27. Rxc1
Rxc1+ 28. Kd2 Rc7 29. Bg4 Be8 30. h5 g5 31. fxg5 Nxg5 32. Ke3 Bd7 33. Bxd7 Rxd7
34. f4 Nf7 35. Nf5 Rc7 36. Kd2 Rc4 37. Re3 Rc7 38. b3 Kg8 39. Rg3+ Kf8 40. Nd4
Nd8 41. h6 f5 42. Nxf5 e6 43. Nxd6 exd5 44. e5 1-0

[Event "OIBM 2001"]
[Site "Bad Wiessee"]
[Date "2001.10.31"]
[Round "5"]
[White "Diehl, Klaus"]
[Black "Salvermoser, Bernd"]
[Result "0-1"]
[WhiteElo "2108"]
[BlackElo "2285"]
[PlyCount "42"]

1. e4 c6 2. c4 d5 3. cxd5 cxd5 4. exd5 Nf6 5. Nc3 g6 6. Bc4 Bg7 7. Nge2 O-O 8.
O-O Nbd7 9. Nf4 Nb6 10. d3 Bg4 11. Qb3 Qc7 12. Be3 g5 13. Nfe2 Bxe2 14. Bxb6
axb6 15. Nxe2 Ng4 16. Ng3 h5 17. Qd1 Bxb2 18. Rb1 Bd4 19. Rc1 Qf4 20. Rc2 h4
21. h3 Nxf2 0-1

[Event "OIBM 2001"]
[Site "Bad Wiessee"]
[Date "2001.10.31"]
[Round "5"]
[White "Dorfman, Josif"]
[Black "Spiess, Gunter"]
[Result "1-0"]
[WhiteElo "2599"]
[BlackElo "2408"]
[PlyCount "81"]

1. d4 Nf6 2. c4 e6 3. Nc3 d5 4. cxd5 exd5 5. Bg5 c6 6. Qc2 Be7 7. e3 Nbd7 8.
Bd3 O-O 9. Nge2 Re8 10. h3 Nf8 11. g4 Be6 12. O-O-O b5 13. Kb1 a5 14. Ng3 a4
15. Nce2 Ra6 16. Rhg1 Rb6 17. Nf5 Bxf5 18. gxf5 Ne4 19. Bxe7 Qxe7 20. Bxe4 Qxe4
21. Qxe4 Rxe4 22. Rg4 Rxg4 23. hxg4 Nd7 24. Nf4 h6 25. f3 Kf8 26. Kc2 Ke7 27.
Kd3 Nf6 28. Rc1 Kd7 29. e4 Rb8 30. e5 Ne8 31. Ke3 Rc8 32. Nd3 Ke7 33. f4 Rc7
34. g5 hxg5 35. fxg5 Rc8 36. f6+ gxf6 37. gxf6+ Kd7 38. Rh1 Rc7 39. Rh8 Ra7 40.
Nc5+ Kd8 41. Rf8 1-0

[Event "OIBM 2001"]
[Site "Bad Wiessee"]
[Date "2001.10.31"]
[Round "5"]
[White "Graf, Alexander"]
[Black "Poliakov, Alexander"]
[Result "1-0"]
[WhiteElo "2610"]
[BlackElo "2301"]
[PlyCount "97"]

1. d4 d5 2. c4 c6 3. Nf3 Nf6 4. e3 e6 5. Bd3 Nbd7 6. O-O Be7 7. b3 b6 8. Bb2
O-O 9. Nc3 Bb7 10. Qe2 Qb8 11. Rad1 Rd8 12. Ne5 dxc4 13. Nxc4 c5 14. Bb1 Qc7
15. f4 a6 16. Ne5 b5 17. Rc1 Qb6 18. Nd1 Rac8 19. Nf2 Qa5 20. Nfd3 cxd4 21.
Bxd4 b4 22. Nb2 Nc5 23. Ng4 Nce4 24. Nc4 Qb5 25. Nxf6+ Nxf6 26. Bd3 Qh5 27.
Qxh5 Nxh5 28. Be2 Nf6 29. Nb6 Rxc1 30. Rxc1 Ne8 31. Kf2 g5 32. fxg5 Bxg5 33.
Rc4 Be7 34. Bf3 Bxf3 35. Kxf3 f6 36. e4 Bd6 37. g3 Kf7 38. Ke3 Bc7 39. Rc6 Ke7
40. Nc4 Kd7 41. Rxa6 Rb8 42. Nb2 Rb5 43. Na4 Rh5 44. Nc5+ Ke7 45. Nxe6 Bd6 46.
Nf4 Rxh2 47. Nd5+ Kf7 48. Nxf6 Bxg3 49. Ra7+ 1-0

[Event "OIBM 2001"]
[Site "Bad Wiessee"]
[Date "2001.10.31"]
[Round "5"]
[White "Khenkin, Igor"]
[Black "Drexel, Michael"]
[Result "1-0"]
[WhiteElo "2572"]
[BlackElo "2255"]
[PlyCount "77"]

1. d4 Nf6 2. c4 e6 3. Nf3 b6 4. a3 c5 5. d5 Ba6 6. Qc2 exd5 7. cxd5 g6 8. Nc3
Bg7 9. g3 O-O 10. Bg2 d6 11. O-O Re8 12. Re1 b5 13. e4 Nbd7 14. Bf4 Qb6 15. e5
dxe5 16. Nxe5 Nxe5 17. Bxe5 Bb7 18. Rad1 a6 19. d6 Bxg2 20. Kxg2 Qc6+ 21. f3
Nd7 22. Bxg7 Rxe1 23. Rxe1 Kxg7 24. Ne4 Kg8 25. Rd1 Re8 26. g4 Re6 27. g5 c4
28. Qf2 a5 29. Qd4 b4 30. axb4 axb4 31. h4 Re8 32. h5 gxh5 33. Ra1 Rc8 34. Ra7
c3 35. bxc3 bxc3 36. Rxd7 c2 37. Nf6+ Kf8 38. Nxh5 Qc3 39. Rd8+ 1-0

[Event "OIBM 2001"]
[Site "Bad Wiessee"]
[Date "2001.10.31"]
[Round "5"]
[White "Klundt, Klaus"]
[Black "Dautov, Rustem"]
[Result "0-1"]
[WhiteElo "2368"]
[BlackElo "2630"]
[PlyCount "174"]

1. e4 c6 2. d4 d5 3. exd5 cxd5 4. c4 Nf6 5. Nc3 Nc6 6. Bg5 e6 7. Nf3 Be7 8. c5
O-O 9. Bb5 Ne4 10. Bxe7 Nxe7 11. Qc2 Qa5 12. Bd3 Nxc3 13. bxc3 h6 14. O-O b6
15. Rfb1 Ba6 16. Bxa6 Qxa6 17. cxb6 axb6 18. Qb3 Rfc8 19. a4 Qa5 20. Ra3 Nc6
21. h3 Qa7 22. Raa1 Rab8 23. Qb5 Qc7 24. Rc1 Na5 25. Ne5 f6 26. Nf3 Qc4 27.
Rab1 Qxb5 28. Rxb5 Nc4 29. Kf1 Ra8 30. Rb4 Ra5 31. Ke2 Rca8 32. Nd2 Rxa4 33.
Nxc4 Rxb4 34. cxb4 Rc8 35. Kd2 Rxc4 36. Rxc4 dxc4 37. b5 Kf7 38. Kc3 e5 39.
dxe5 fxe5 40. Kxc4 Ke6 41. h4 h5 42. f3 Kd6 43. g3 g6 44. Kd3 Kc5 45. Ke4 Kxb5
46. Kxe5 Kc4 47. g4 b5 48. gxh5 gxh5 49. f4 b4 50. f5 b3 51. f6 b2 52. f7 b1=Q
53. f8=Q Qe1+ 54. Kf6 Qxh4+ 55. Kg6 Qg4+ 56. Kh6 h4 57. Qf7+ Kc3 58. Qf6+ Kd3
59. Qf1+ Qe2 60. Qb1+ Ke3 61. Qb3+ Kf4 62. Qf7+ Kg3 63. Qg6+ Qg4 64. Qd3+ Qf3
65. Qg6+ Kh2 66. Qc2+ Kh3 67. Qc8+ Kg3 68. Qg8+ Kf2 69. Qa2+ Qe2 70. Qf7+ Qf3
71. Qa2+ Qe2 72. Qf7+ Ke1 73. Qf5 Qe3+ 74. Kh5 h3 75. Kh4 h2 76. Qb1+ Kf2 77.
Qc2+ Kf3 78. Qd1+ Qe2 79. Qh1+ Kf4 80. Qc1+ Qe3 81. Qf1+ Qf3 82. Qc1+ Qe3 83.
Qf1+ Qf3 84. Qc1+ Qe3 85. Qf1+ Ke4 86. Qg2+ Kf5 87. Qxh2 Qg5+ 0-1

[Event "OIBM 2001"]
[Site "Bad Wiessee"]
[Date "2001.10.31"]
[Round "5"]
[White "Pinter, Jozsef"]
[Black "Sax, Gyula"]
[Result "1/2-1/2"]
[WhiteElo "2532"]
[BlackElo "2593"]
[PlyCount "33"]

1. Nf3 Nf6 2. c4 c5 3. Nc3 Nc6 4. g3 d5 5. cxd5 Nxd5 6. d4 e6 7. Bg2 cxd4 8.
Nxd4 Nxc3 9. bxc3 Nxd4 10. Qxd4 Qxd4 11. cxd4 Bb4+ 12. Bd2 Bxd2+ 13. Kxd2 Kd8
14. Rhc1 Re8 15. Rc3 Rb8 16. Rac1 Re7 17. e3 1/2-1/2

[Event "OIBM 2001"]
[Site "Bad Wiessee"]
[Date "2001.10.31"]
[Round "5"]
[White "Visweswaran, Kameswaran"]
[Black "Pavlovic, Milos"]
[Result "0-1"]
[WhiteElo "2338"]
[BlackElo "2488"]
[PlyCount "72"]

1. e4 e5 2. Nf3 Nc6 3. Bb5 a6 4. Bxc6 dxc6 5. O-O Bg4 6. h3 Bh5 7. d3 Bd6 8.
Be3 Ne7 9. Nbd2 c5 10. Qe2 f6 11. c3 O-O 12. Rfd1 Qc8 13. Re1 Kh8 14. a3 a5 15.
Rac1 Nc6 16. Qf1 Qd7 17. g4 Bf7 18. Qg2 Be7 19. Nh4 Qxd3 20. Nf1 g6 21. Ng3 Qc4
22. Nf3 Qe6 23. Nh2 Rfd8 24. h4 Rd3 25. h5 g5 26. Nf5 Bf8 27. Nf1 a4 28. f3
Rad8 29. Qe2 Na5 30. Rcd1 Qd7 31. Rxd3 Qxd3 32. Qf2 b6 33. Nd2 Qc2 34. Qh2 Kg8
35. Re2 Nc4 36. Nf1 Qb1 0-1

[Event "OIBM 2001"]
[Site "Bad Wiessee"]
[Date "2001.10.31"]
[Round "5"]
[White "Volokitin, Andrei"]
[Black "Hakobyan, Vladimir"]
[Result "1/2-1/2"]
[WhiteElo "2566"]
[BlackElo "2660"]
[PlyCount "32"]

1. e4 e6 2. d4 d5 3. Nc3 Nf6 4. Bg5 dxe4 5. Nxe4 Be7 6. Bxf6 Bxf6 7. Nf3 O-O 8.
Bc4 Nc6 9. c3 e5 10. d5 Ne7 11. Nxf6+ gxf6 12. Qd2 Kh8 13. O-O-O Bg4 14. Qe3
Qd6 15. h3 Bxf3 16. Qxf3 Rg8 1/2-1/2

[Event "OIBM 2001"]
[Site "Bad Wiessee"]
[Date "2001.11.01"]
[Round "6"]
[White "Babula, Vlastimil"]
[Black "Klenburg, Michael"]
[Result "1-0"]
[WhiteElo "2565"]
[BlackElo "2341"]
[PlyCount "75"]

1. d4 d6 2. Nf3 Nf6 3. c4 Nbd7 4. Nc3 e5 5. e4 Be7 6. Be2 O-O 7. O-O c6 8. Qc2
a6 9. Rd1 Qc7 10. Bg5 Re8 11. Rac1 Qb8 12. b4 b5 13. a4 bxc4 14. Bxc4 exd4 15.
Nxd4 Ne5 16. Ba2 Qxb4 17. Nxc6 Nxc6 18. Bxf6 Bxf6 19. Nd5 Nd4 20. Qc7 Ne2+ 21.
Kf1 Qb7 22. Nxf6+ gxf6 23. Bxf7+ Kf8 24. Bd5 Qxc7 25. Rxc7 Nc3 26. Rxc3 Ra7 27.
Rdc1 Bd7 28. a5 Bb5+ 29. Kg1 Kg7 30. Rc7+ Re7 31. Rxa7 Rxa7 32. Rc8 f5 33. exf5
Kf6 34. Be6 Ke5 35. f4+ Kf6 36. Rf8+ Kg7 37. Rg8+ Kh6 38. f6 1-0

[Event "OIBM 2001"]
[Site "Bad Wiessee"]
[Date "2001.11.01"]
[Round "6"]
[White "Gershon, Alik"]
[Black "Baklan, Vladimir"]
[Result "0-1"]
[WhiteElo "2556"]
[BlackElo "2590"]
[PlyCount "154"]

1. d4 Nf6 2. Nf3 g6 3. c4 Bg7 4. Nc3 O-O 5. e4 d6 6. Be2 e5 7. Be3 c6 8. d5 Ng4
9. Bg5 f6 10. Bh4 h5 11. Nd2 Nh6 12. f3 c5 13. h3 Nf7 14. Qc2 Bh6 15. Bf2 Kg7
16. g4 hxg4 17. hxg4 Rh8 18. O-O-O Na6 19. Kb1 Bd7 20. Nf1 Nc7 21. Ne3 a6 22.
Bd3 b5 23. Ne2 Qe7 24. Ng2 bxc4 25. Bxc4 Nb5 26. Bxb5 axb5 27. Be3 Bxe3 28.
Nxe3 Ng5 29. Rxh8 Rxh8 30. Ng1 Qd8 31. Qg2 Qg8 32. Rf1 Qh7 33. Qd2 Qh2 34. Qa5
Kf7 35. a4 bxa4 36. Nc4 Ke7 37. Qc7 Nf7 38. Rc1 a3 39. Nxa3 Qd2 40. Qb7 Rh2 41.
Nc4 Qb4 42. Qxb4 cxb4 43. Ka2 Ba4 44. Na5 Rg2 45. Nc6+ Bxc6 46. dxc6 Kd8 47.
Kb3 Kc7 48. Rb1 Nd8 49. Kxb4 Nxc6+ 50. Kc3 Nd4 51. Kd3 Kb6 52. b3 Kb5 53. b4
Ra2 54. Rc1 Rf2 55. Ke3 Rg2 56. Kd3 Kxb4 57. Rb1+ Kc5 58. Rc1+ Kb5 59. Rb1+ Kc6
60. Rc1+ Kd7 61. Rb1 Ke6 62. Rf1 Kf7 63. Kc4 Ne6 64. Kd5 Rd2+ 65. Kc6 Nf4 66.
Kd7 d5 67. exd5 Nxd5 68. Kc6 Nf4 69. Kc7 Kg7 70. Kc6 Kh6 71. Nh3 Nxh3 72. Rh1
Kg7 73. Rxh3 Rd3 74. Rh1 Rxf3 75. g5 fxg5 76. Kd5 Kf6 77. Rh8 Rd3+ 0-1

[Event "OIBM 2001"]
[Site "Bad Wiessee"]
[Date "2001.11.01"]
[Round "6"]
[White "Gurieli, Nino"]
[Black "Servaty, Rudolf"]
[Result "1-0"]
[WhiteElo "2343"]
[BlackElo "2213"]
[PlyCount "87"]

1. d4 Nf6 2. Nf3 e6 3. g3 d5 4. Bg2 c5 5. O-O Nc6 6. c4 cxd4 7. Nxd4 Be7 8. Nc3
O-O 9. cxd5 exd5 10. Bf4 a6 11. Rc1 Nxd4 12. Qxd4 Be6 13. Rfd1 Qa5 14. Nxd5
Nxd5 15. Bxd5 Bf6 16. Qe4 Bxd5 17. Qxd5 Qxd5 18. Rxd5 b5 19. b3 Rfe8 20. e3 h6
21. Rc6 Re6 22. Rdd6 Rxd6 23. Bxd6 Bd8 24. e4 f6 25. f4 Kf7 26. f5 Ke8 27. Bf4
a5 28. a4 bxa4 29. bxa4 Ra7 30. Rc8 Kd7 31. Rb8 Be7 32. Kg2 Bd6 33. Bxd6 Kxd6
34. Rb5 Kc6 35. Kf3 Kd6 36. Kf4 h5 37. h3 Kc6 38. g4 hxg4 39. hxg4 Ra8 40. g5
Rh8 41. gxf6 gxf6 42. Rxa5 Kb6 43. Rb5+ Ka6 44. Rd5 1-0

[Event "OIBM 2001"]
[Site "Bad Wiessee"]
[Date "2001.11.01"]
[Round "6"]
[White "Hedke, Fred"]
[Black "Gleizerov, Evgeny"]
[Result "0-1"]
[WhiteElo "2360"]
[BlackElo "2575"]
[PlyCount "180"]

1. e4 e6 2. d4 d5 3. exd5 exd5 4. c4 Nf6 5. Nc3 Bb4 6. Nf3 O-O 7. Be2 dxc4 8.
Bxc4 Bg4 9. O-O Nc6 10. Be3 Bd6 11. h3 Bh5 12. Be2 h6 13. Qb3 Rb8 14. Rad1 Re8
15. Ne5 Nxe5 16. Bxh5 Nxh5 17. dxe5 Rxe5 18. Nb5 a6 19. Nxd6 cxd6 20. Rd4 Qe7
21. Rfd1 Rd8 22. Qb4 Re6 23. R4d3 Nf6 24. Qh4 Ne8 25. Qg4 Rc8 26. R3d2 Rc6 27.
Bd4 Qg5 28. Qxg5 hxg5 29. f3 Kf8 30. Kf2 Ke7 31. Bc3 f6 32. Bd4 Nc7 33. Be3 Kd7
34. Rh1 Re7 35. h4 gxh4 36. Rxh4 Ne6 37. Rh1 f5 38. g3 g5 39. Rhd1 g4 40. fxg4
fxg4 41. Bf4 Nxf4 42. gxf4 Rg7 43. Kg3 Kc7 44. Rh1 Rc4 45. Rh4 Rc1 46. Rg2 d5
47. Rxg4 Rf7 48. Rf2 Kd6 49. Kf3 Kc5 50. Ke3 Re1+ 51. Kd2 Re4 52. Rf3 Rd4+ 53.
Kc2 Rf6 54. Rg7 b5 55. f5 a5 56. a3 a4 57. Kc3 Rh4 58. Rg2 Kd6 59. Rg8 Rh5 60.
Rd8+ Kc6 61. Rc8+ Kd7 62. Rc5 Rfxf5 63. Rxf5 Rxf5 64. Kb4 Kd6 65. Rxb5 Rf4+ 66.
Kc3 Ke5 67. Kd3 Rf3+ 68. Kd2 Ke4 69. Rb4+ d4 70. Rxa4 Rf2+ 71. Ke1 Rxb2 72. Ra8
Kd3 73. a4 Rb1+ 74. Kf2 Kd2 75. a5 d3 76. a6 Rb6 77. a7 Rf6+ 78. Kg3 Rf7 79.
Kg2 Rd7 80. Kf2 Kd1 81. Rb8 Rxa7 82. Rb1+ Kc2 83. Rb6 Rf7+ 84. Ke3 Re7+ 85. Kf2
d2 86. Rc6+ Kd1 87. Rc5 Rf7+ 88. Kg2 Ke2 89. Re5+ Kd3 90. Rd5+ Kc3 0-1

[Event "OIBM 2001"]
[Site "Bad Wiessee"]
[Date "2001.11.01"]
[Round "6"]
[White "Heinzel, Olaf"]
[Black "Khenkin, Igor"]
[Result "0-1"]
[WhiteElo "2347"]
[BlackElo "2572"]
[PlyCount "68"]

1. d4 e6 2. Nf3 c5 3. c3 Nc6 4. Bf4 cxd4 5. cxd4 Qb6 6. Qd2 Nf6 7. Nc3 d5 8. e3
Ne4 9. Qc2 Bd7 10. Be2 Rc8 11. O-O Be7 12. Nd2 g5 13. Bg3 Nxg3 14. fxg3 h5 15.
Nb3 f5 16. Qd1 g4 17. Na4 Qc7 18. Nac5 Bg5 19. Qd2 h4 20. gxh4 Bxh4 21. Rf4 Bg5
22. Nxd7 Kxd7 23. Bb5 Ke7 24. Bxc6 Bxf4 25. exf4 Qxc6 26. Re1 b6 27. Qe3 Qd6
28. Nc1 Rc2 29. Nd3 Rh7 30. Ne5 Kd8 31. Qb3 Qc7 32. Qb4 Qe7 33. Qxe7+ Rxe7 34.
Nd3 Rd2 0-1

[Event "OIBM 2001"]
[Site "Bad Wiessee"]
[Date "2001.11.01"]
[Round "6"]
[White "Klundt, Klaus"]
[Black "Ulybin, Mikhail"]
[Result "1-0"]
[WhiteElo "2368"]
[BlackElo "2580"]
[PlyCount "81"]

1. e4 c5 2. Nf3 e6 3. d4 cxd4 4. Nxd4 Nf6 5. Nc3 d6 6. Be2 Be7 7. O-O O-O 8. f4
Nc6 9. Be3 a6 10. a4 Qc7 11. Kh1 Re8 12. Qd2 Bf8 13. Rad1 Na5 14. Qe1 b6 15.
Bd3 Nb7 16. Nf3 Nd7 17. e5 f5 18. exf6 Nxf6 19. Ng5 Nc5 20. Bxc5 bxc5 21. Nce4
Bb7 22. Nxf6+ gxf6 23. Nxh7 Qg7 24. Rd2 Rad8 25. Nxf8 Kxf8 26. b3 f5 27. Qe2 a5
28. Rfd1 Re7 29. Ba6 Bd5 30. Bc4 Qf6 31. Qf1 Bxc4 32. Qxc4 Rh7 33. Rxd6 Rxd6
34. Qxc5 Kg7 35. Qxd6 Kg6 36. h3 Rg7 37. Re1 Re7 38. Kh2 Kf7 39. Re5 Qh4 40.
Qd2 Qh8 41. Qxa5 1-0

[Event "OIBM 2001"]
[Site "Bad Wiessee"]
[Date "2001.11.01"]
[Round "6"]
[White "Lerner, Konstantin"]
[Black "Dorfman, Josif"]
[Result "1/2-1/2"]
[WhiteElo "2567"]
[BlackElo "2599"]
[PlyCount "51"]

1. d4 Nf6 2. c4 e6 3. Nf3 d5 4. Nc3 Bb4 5. Bg5 h6 6. Bxf6 Qxf6 7. e3 O-O 8. Rc1
dxc4 9. Bxc4 c5 10. O-O cxd4 11. exd4 Bxc3 12. bxc3 Nc6 13. Bd3 Bd7 14. Qe2
Rad8 15. Nd2 Qf4 16. g3 Qc7 17. f4 Ne7 18. Nf3 Bc6 19. Ne5 b6 20. Nxc6 Qxc6 21.
Rfd1 Rd6 22. Bb5 Qb7 23. a4 Rfd8 24. Qg2 Qc7 25. Qf3 g6 26. Qf2 1/2-1/2

[Event "OIBM 2001"]
[Site "Bad Wiessee"]
[Date "2001.11.01"]
[Round "6"]
[White "Sax, Gyula"]
[Black "Volokitin, Andrei"]
[Result "0-1"]
[WhiteElo "2593"]
[BlackElo "2566"]
[PlyCount "54"]

1. e4 g6 2. d4 Bg7 3. Nc3 d6 4. f4 Nf6 5. Nf3 O-O 6. Be2 c5 7. dxc5 Qa5 8. O-O
Qxc5+ 9. Kh1 Nc6 10. Bd3 Bg4 11. h3 Bxf3 12. Qxf3 Nd7 13. Bd2 Nb6 14. e5 dxe5
15. Ne4 Qd5 16. f5 Nd4 17. Qg3 Qc6 18. Ng5 Nxf5 19. Rxf5 gxf5 20. Bxf5 h6 21.
Rf1 hxg5 22. Qxg5 Rfd8 23. Qh4 Rd4 24. Qh7+ Kf8 25. Qh5 Qc4 26. Bd3 Rxd3 27.
cxd3 Qe6 0-1

[Event "OIBM 2001"]
[Site "Bad Wiessee"]
[Date "2001.11.02"]
[Round "7"]
[White "Baklan, Vladimir"]
[Black "Lobron, Eric"]
[Result "1-0"]
[WhiteElo "2590"]
[BlackElo "2524"]
[PlyCount "76"]

1. e4 c5 2. Nf3 Nc6 3. d4 cxd4 4. Nxd4 Nf6 5. Nc3 e6 6. Ndb5 d6 7. Bf4 e5 8.
Bg5 a6 9. Na3 b5 10. Bxf6 gxf6 11. Nd5 f5 12. exf5 Bxf5 13. c3 Bg7 14. Nc2 O-O
15. Nce3 Bg6 16. a4 b4 17. Nxb4 Nxb4 18. cxb4 e4 19. Qd2 f5 20. Nd5 Kh8 21. Be2
Bf7 22. O-O Bxd5 23. Qxd5 Bxb2 24. Rab1 Be5 25. f4 exf3 26. Rxf3 Rc8 27. Bd3
Qh4 28. g3 Qh6 29. Bxf5 Rc1+ 30. Kg2 Rxb1 31. Bxb1 Rxf3 32. Qxf3 Qd2+ 33. Kh3
Qh6+ 34. Kg4 Qg7+ 35. Kh5 Qe7 36. Qa8+ Kg7 37. Ba2 Kf6 38. Qg8 h6 1-0

[Event "OIBM 2001"]
[Site "Bad Wiessee"]
[Date "2001.11.02"]
[Round "7"]
[White "Beckmann, Klaus"]
[Black "Trnovec, Mihaly"]
[Result "1-0"]
[WhiteElo "2196"]
[BlackElo "2086"]
[PlyCount "27"]

1. e4 c5 2. Nf3 g6 3. d4 Bg7 4. dxc5 Qa5+ 5. c3 Qxc5 6. Na3 a6 7. Nc4 Qc7 8.
Be3 Nc6 9. Nb6 Rb8 10. Nd5 Qd6 11. Bb6 Nf6 12. Bc7 Qe6 13. Ng5 Qg4 14. Nxf6+
1-0

[Event "OIBM 2001"]
[Site "Bad Wiessee"]
[Date "2001.11.02"]
[Round "7"]
[White "Bromberger, Stefan"]
[Black "Pinter, Jozsef"]
[Result "1/2-1/2"]
[WhiteElo "2399"]
[BlackElo "2532"]
[PlyCount "34"]

1. e4 e5 2. Nf3 Nc6 3. Bb5 a6 4. Ba4 Nf6 5. O-O Be7 6. Re1 b5 7. Bb3 O-O 8. c3
d6 9. h3 Na5 10. Bc2 c5 11. d4 Qc7 12. Nbd2 Re8 13. b3 Bd7 14. Nf1 g6 15. Ne3
Rad8 16. b4 cxd4 17. cxd4 Nc6 1/2-1/2

[Event "OIBM 2001"]
[Site "Bad Wiessee"]
[Date "2001.11.02"]
[Round "7"]
[White "Dorfman, Josif"]
[Black "Miezis, Normunds"]
[Result "1-0"]
[WhiteElo "2599"]
[BlackElo "2501"]
[PlyCount "91"]

1. d4 e6 2. c4 b6 3. a3 Bb7 4. Nc3 g6 5. e4 Bg7 6. Nf3 Ne7 7. Bd3 d6 8. Be3 Nd7
9. Qd2 h6 10. d5 c6 11. dxe6 fxe6 12. Bc2 Ba6 13. Qxd6 Ne5 14. Qxd8+ Rxd8 15.
Nxe5 Bxe5 16. O-O Bxc4 17. Rfd1 Kf7 18. h4 Kg7 19. f4 Bxc3 20. bxc3 c5 21. Kf2
Nc6 22. g4 Na5 23. h5 Bb3 24. Bxb3 Nxb3 25. Rab1 Na5 26. hxg6 Kxg6 27. f5+ exf5
28. gxf5+ Kf6 29. Rxd8 Rxd8 30. Rh1 Nc4 31. Rxh6+ Kg7 32. Bf4 Re8 33. Rg6+ Kh7
34. Rh6+ Kg7 35. Rg6+ Kh7 36. Kf3 Nxa3 37. Rh6+ Kg7 38. Rg6+ Kh7 39. Rh6+ Kg7
40. Rg6+ Kh7 41. e5 Nc4 42. e6 a5 43. Ke4 a4 44. Kd5 Rf8 45. Kxc4 Rxf5 46. Rg4
1-0